01306cam a22003497i 450000100090000000300090000900500170001800800410003502000360007602000180011203500230013004000430015304100130019608200200020910000290022924000330025824500780029126400390036926400100040830000450041833600260046333700280048933800270051750000790054450400520062354600690067565000210074465500170076594200120078299900170079495201450081114191603EG-ScBUE20260308091027.0051207t2006 gw a frb 001 0 eng d a3540301461 (English ed. : pbk.) a9783540301462 a(OCoLC)ocm65427543 aEG-ScBUEbengerdacEG-ScBUEdEG-ScBUE1 aenghger04a570.21bFLI2221 aFlindt, Rainer,eauthor.10aBiologie in Zahlen.lEnglish10aAmazing numbers in biology /cRainer Flindt ; translated by Neil Solomon. 1aBerlin :bSpringer-Verlag,c[2006] 4cc2006 axiv, 295 pages :billustrations ;c24 cm 2rdacontentatextbtxt aunmediated2rdamediabn avolumebnc2rdacarrier a"Translation of the 6th German Edition of Biologie in Zahlen"--T.p. verso. aIncludes bibliographical references and index.  aText in English ; translated from the original German language.  7aBiometry.2BUEsh vReading book 2ddccBB c10631d10631 00102ddc40708AlahramaMAINbMAINc1STd2009-02-03epurchaseg254.60h6477l0o570.21 FLIp000014461r2025-07-15 00:00:00w2009-02-03yBB